| 000 | 00393nam a2200157Ia 4500 | ||
|---|---|---|---|
| 008 | 230917s9999||||xx |||||||||||||| ||und|| | ||
| 040 |
_e254884 _aMAIN |
||
| 041 | _aEnglish | ||
| 082 | _a570.1 V877F(2) | ||
| 100 | _aVoit, Eberhard O | ||
| 245 | 0 | _aFirst course in systems biology | |
| 250 | _a2nd ed. | ||
| 260 |
_aNew York _bGarland Science _c2018 |
||
| 300 | _axi, 468 p. | ||
| 942 | _cBK | ||
| 999 |
_c182121 _d182121 |
||